000 00591aas a2200181 4500
001 768714001
003 CO-MdFUSB
005 20250306170120.0
008 170825b1990 cr ||||| |||| 00| 0 spa d
040 _aCO-MdFUSB
_bspa
_cCO-MdFUSB
_dCO-MdFUSB
041 _aspa
100 1 _aBaxter, Ern (-1993)
_eautor
245 1 0 _aVida en alas :
_bla vida cristiana vista desde gran altura
300 _aVolumen 2. Número 1 (1990), páginas 2-7
_c: 28 cm.
773 0 _tConquista Cristiana
_049446
_960338
_gVolumen 2. Número 1 (1990), páginas 2-7
_qPágina 2
942 _cANA
945 _aJTF-925
999 _c50414
_d50414